Veľtrhy a výstavy ako nástroj marketingovej komunikácie bakalárska práca

Na minha lista:
Detalhes bibliográficos
Autor principal: Majcherová, Monika
Autor Corporativo: Obchodná fakulta EU. Katedra marketingu
Outros Autores: Labská, Helena
Formato: Livro
Idioma:eslovaco
Publicado em: Bratislava 2009
Tags: Adicionar Tag
Sem tags, seja o primeiro a adicionar uma tag!

MARC

LEADER 00000nam$a2200000$$$4500
001 0099845
005 20240318135544.3
041 0 |a slo 
044 |a SK 
245 1 0 |a Veľtrhy a výstavy ako nástroj marketingovej komunikácie  |b bakalárska práca  |c Monika Majcherová ; škol. Helena Labská 
264 1 |a Bratislava  |c 2009 
300 |a 48 s. 
100 1 |a Majcherová, Monika 
700 1 |a Labská, Helena 
710 2 |a Obchodná fakulta EU. Katedra marketingu